00450nam a2200193Ia 4500008004100000020001800041050001400059100001700073245001700090245003000107245002000137260001500157260001600172260000900188300001400197300002700211300001000238500000800248170918s9999 xx 000 0 und d a9780545496728 bF628 2009 aFloca, Brian aMoonshoot :  bthe flight of Apollo 11 / cby Brian Floca. aNew York : bScholastic, c2009 aunpaged : bcolored illustration ; c25cm. a990